000 01415nam a22001337a 4500
999 _c530169
_d530169
008 250529b ||||| |||| 00| 0 eng d
100 _aFrisch-Aviram, Neomi Lotta, Gabriela Spanghero and Carvalho, Luciana Jordão De
_953907
245 _a“Chat-Up”: The role of competition in street-level bureaucrats' willingness to break technological rules and use generative pre-trained transformers (GPTs)
260 _aPublic Administration Review
300 _a85(2), Mar, 2025: p.468-485
520 _aOrganizations worldwide are concerned about workers using generative pretrained transformers (GPTs), which can generate human-like text in seconds at work. These organizations are setting rules on how and when to use GPTs. This article focuses on street-level bureaucrats' (SLBs) intentions to use GPTs even if their public organization does not allow its use (tech rule-breaking). Based on a mixed-methods exploratory design, using focus groups (N = 14) and a survey experiment (N = 279), we demonstrate that SLBs intend to break the rules and use GPTs when their competitors from the private sector have access to artificial intelligence (AI) tools. We discuss these findings in the context of hybrid forms of public management and the Promethean moment of GPTs.- Reproduced https://onlinelibrary.wiley.com/doi/10.1111/puar.13824
773 _aPublic Administration Review
942 _cAR